000 01021nam a2200181Ia 4500
008 100921s9999 xx 000 0 und d
082 _b24883
_a154 0
100 _aरघुवंशी रमेश.
245 _aअसामान्य असाधारण अलौकिक स्मरणशक्ती कशी वाढवावी ?.
260 _bरघुवंशी प्रकाशन, पुणे.
_c0
300 _a70
_bमॅजेस्टीक प्रकाशन,पुणे.
365 _b15
520 _aतत्वज्ञान-स्मरण-ग्रहणशिक्त.
630 _aअसामान्य असाधारण अलौकिक स्मरणशक्ती कशी वाढवावी ?.
650 _aतत्वज्ञान-स्मरण-ग्रहणशिक्त.
730 _aअसामान्य असाधारण अलौकिक स्मरणशक्ती कशी वाढवावी ?.
942 _cBOOK
999 _c773996
_d773993